000 00756nam a22002297a 4500
003 OSt
005 20251029012224.0
008 251027b |||||||| |||| 00| 0 eng d
020 _a978-621-00-0933-0
040 _aDWCL - Main Lib
_cOC
082 _23rd
_aRes. 909 P187g 2023
100 _aPanganiban, Evangeline S.
245 _aGlobal times living history 8 :
_bKasaysayan ng mundo /
_cEvangeline S. Panganiban
260 _aQuezon City, Philippines :
_bSIBS Publishing House, Inc.,
_cc2023.
300 _ax , 516 pages :
_billustrations ;
_c25 cm.
490 _a3rd
650 _a1. History
650 _a2. World History
710 _aEdited by Teresita P. Pedrajas and Walfredo B. Bellen
760 _b3rd
942 _2ddc
_cBK-0 CIRC
_e3rd
_mRes.
_n0
999 _c5149
_d5149